000 00718nam a2200217 a 4500
001 000014817
005 20240412074242.0
008 100122s2006 dr a 000 j spa d
040 _aDO-SdBNP
_bspa
_cBNPHU
082 _aRD863.44
_aS211a, 2006
100 1 _aSánchez, Federico,
_d1953-
_926445
245 1 0 _aAl final de la escapada ... y otros cuentos desempolvados /
_cFederico Sánchez.
250 _a2a ed.
260 _aSanto Domingo :
_b[s.n.],
_c2006.
300 _a86 p. :
_bil. ;
_c21 cm.
500 _aIncluye datos biográficos del autor: p. 186
590 _aValidado, 2019/VM
650 0 _aCuentos dominicanos
_9176
650 0 _aLiteratura dominicana.
_967
910 _aValidado. Control de calidad MFF
999 _c14398
_d14398